La tirania y la libertad : juan manuel de rozas segun 127 autores /

Guardado en:
Formato: Libro
Publicado: Buenos Aires : La Vanguardia, 1943
Materias:
Etiquetas: Agregar Etiqueta
Sin Etiquetas, Sea el primero en etiquetar este registro!
LEADER 00512nam a22001695a 4500
001 EHU.bham024259
003 AR-BHAM
005 20130507141422.0
008 130507s1943##################000#0#####d
082 9 8 |a 982.04 
245 0 0 |a La tirania y la libertad :  |b juan manuel de rozas segun 127 autores / 
260 |a Buenos Aires :  |b La Vanguardia,  |c 1943 
300 |a 637 p. 
653 |a Donacion lejarraga 
653 |a Rosismo 
653 |a Historia argentina 
859 |a AR-BHAM  |b BIB. HUMANIDADES - General  |h 982.04  |i T511  |p 12.02  |t Ej.1